Macroeconomics/ (Record no. 9186)

MARC details
000 -LEADER
fixed length control field 00555nam a22002057a 4500
003 - CONTROL NUMBER IDENTIFIER
control field OSt
005 - DATE AND TIME OF LATEST TRANSACTION
control field 20240715140703.0
008 - FIXED-LENGTH DATA ELEMENTS--GENERAL INFORMATION
fixed length control field 240715b |||||||| |||| 00| 0 eng d
020 ## - INTERNATIONAL STANDARD BOOK NUMBER
International Standard Book Number 0075514036
040 ## - CATALOGING SOURCE
Original cataloging agency DDC
Transcribing agency MUST
082 ## - DEWEY DECIMAL CLASSIFICATION NUMBER
Classification number 339 DOR 1990
100 ## - MAIN ENTRY--PERSONAL NAME
Personal name Rudiger Dornbush
9 (RLIN) 18730
245 ## - TITLE STATEMENT
Title Macroeconomics/
Remainder of title Rudiger Dornbush
250 ## - EDITION STATEMENT
Edition statement Fourth Edition
260 ## - PUBLICATION, DISTRIBUTION, ETC. (IMPRINT)
Place of publication, distribution, etc. NY:
Name of publisher, distributor, etc. McGraw-Hill Ryerson Limited;
Date of publication, distribution, etc. 1990.
300 ## - PHYSICAL DESCRIPTION
Extent xvii,670p.:
Other physical details ill,
Dimensions 24cm.
504 ## - BIBLIOGRAPHY, ETC. NOTE
Bibliography, etc Includes Indexes
650 ## - SUBJECT ADDED ENTRY--TOPICAL TERM
Topical term or geographic name as entry element Microeconomics
9 (RLIN) 4398
942 ## - ADDED ENTRY ELEMENTS (KOHA)
Source of classification or shelving scheme Dewey Decimal Classification
Koha item type Open Shelf
Holdings
Withdrawn status Lost status Source of classification or shelving scheme Damaged status Not for loan Home library Current library Source of acquisition Inventory number Total Checkouts Full call number Barcode Date last seen Koha item type
    Dewey Decimal Classification     MUST Main Library MUST Main Library Purchase 05/24234   339 DOR 1990 2024-21967 15/07/2024 Open Shelf
    Dewey Decimal Classification     MUST Main Library MUST Main Library Purchase 05/24166   339 DOR 1990 2024-21968 15/07/2024 Open Shelf